German articles #5 (weather) - Statistics

General Stats
  • This quiz has been taken 15 times
  • The average score is 12 of 18
Answer Stats
Article Noun % Correct
das Wetter
100%
das Hochwasser
100%
das Thermometer
100%
das Glatteis
100%
der Regen
100%
der Schneeregen
100%
der Hurrikan
100%
der Winter
100%
der Sturm
100%
der Nebel
100%
der Smog
100%
der Niederschlag
100%
die Überschwemmung
100%
die Wettervorhersage
100%
die Dürre
100%
die Wetterstation
100%
die Temperatur
83%
der Grad
80%
das Eis
75%
der Reif
75%
die Kälte
75%
die Lawine
75%
das Gewitter
67%
der Hagel
67%
der Sommer
67%
der Blitz
67%
der Himmel
67%
der Schauer
67%
die Wolke
67%
der Regentropfen
60%
der Sonnenaufgang
60%
das Erdbeben
50%
der Schnee
50%
der Tsunami
50%
der Frühling
50%
der Tau
50%
der Sonnenuntergang
50%
die Hitze
50%
die Schneeverwehung
50%
die Front
50%
das Klima
40%
der Luftdruck
40%
der Regenbogen
33%
der Donner
25%
der Frost
0%
der Tornado
0%
der Herbst
0%
der Wind
0%
der Sonnenschein
0%
der Kataklysmus
0%
die Schneeflocke
0%
die Luftfeuchtigkeit
0%
die Luft
0%
die Katastrophe
0%
No matching quizzes found
Score Distribution
Percent of People with Each Score
Percentile by Number Answered
Your Score History
You have not taken this quiz